<?xml version="1.0" encoding="UTF-8"?>
<record
    xmlns:xsi="http://www.w3.org/2001/XMLSchema-instance"
    xsi:schemaLocation="http://www.loc.gov/MARC21/slim http://www.loc.gov/standards/marcxml/schema/MARC21slim.xsd"
    xmlns="http://www.loc.gov/MARC21/slim">

  <leader>01247nam a22002177a 4500</leader>
  <controlfield tag="008">161012b        xxu||||| |||| 00| 0 eng d</controlfield>
  <datafield tag="020" ind1=" " ind2=" ">
    <subfield code="a">9789875001763 </subfield>
  </datafield>
  <datafield tag="020" ind1=" " ind2=" ">
    <subfield code="a"> 9875001767</subfield>
  </datafield>
  <datafield tag="082" ind1=" " ind2=" ">
    <subfield code="a">700.103</subfield>
    <subfield code="b">O396m</subfield>
  </datafield>
  <datafield tag="100" ind1=" " ind2=" ">
    <subfield code="a">H&#xE9;lio Oiticica</subfield>
    <subfield code="9">5579</subfield>
  </datafield>
  <datafield tag="245" ind1=" " ind2=" ">
    <subfield code="a">Materialismos</subfield>
    <subfield code="c">H&#xE9;lio Oiticica</subfield>
  </datafield>
  <datafield tag="260" ind1=" " ind2=" ">
    <subfield code="a">Buenos Aires</subfield>
    <subfield code="b">Manantial</subfield>
    <subfield code="c">2013 </subfield>
  </datafield>
  <datafield tag="300" ind1=" " ind2=" ">
    <subfield code="a"> 187 pag</subfield>
    <subfield code="b">ill.</subfield>
    <subfield code="c">21 cm.</subfield>
  </datafield>
  <datafield tag="505" ind1=" " ind2=" ">
    <subfield code="t">Ser Marginal/ ser h&#xE9;roe. Cuaderno de Helio</subfield>
    <subfield code="t">HO y el ejercicio experimental de la libertad </subfield>
    <subfield code="t">Entrevista</subfield>
    <subfield code="t">Proyecto Perros de Caza y pintura nuclear</subfield>
    <subfield code="t">Sobre los b&#xF3;lidos </subfield>
    <subfield code="t">Sobre la retrospectiva en Whitechapel Gallery</subfield>
    <subfield code="t">Habla, H&#xE9;lio.</subfield>
    <subfield code="t">Un mito ocioso</subfield>
    <subfield code="t">Sobre las patrullas ideol&#xF3;gicas </subfield>
    <subfield code="t">Experimentar lo experimental</subfield>
    <subfield code="t">Brasil Diarrea</subfield>
    <subfield code="t">Olas del Cuerpo</subfield>
    <subfield code="t">Anotaciones sobre parangol&#xE9;</subfield>
    <subfield code="t">Bases Fundamentales para una definici&#xF3;n de parangol&#xE9;</subfield>
    <subfield code="t">La obra, su car&#xE1;cter objetual, el comportamiento. </subfield>
    <subfield code="t">Londocumento</subfield>
    <subfield code="t">Subterr&#xE1;nia </subfield>
    <subfield code="t">Subterr&#xE1;nia 2</subfield>
    <subfield code="t">AUTO I</subfield>
    <subfield code="t">Color tiempo y estructura </subfield>
    <subfield code="t">Devolver  la tierra a la tierra </subfield>
    <subfield code="t">Anotaciones de un diario personal</subfield>
  </datafield>
  <datafield tag="653" ind1=" " ind2=" ">
    <subfield code="a">Arte - Ensayos </subfield>
  </datafield>
  <datafield tag="653" ind1=" " ind2=" ">
    <subfield code="a">Arte- Cr&#xED;tica e interpretaci&#xF3;n </subfield>
  </datafield>
  <datafield tag="653" ind1=" " ind2=" ">
    <subfield code="a">Arte-Filosof&#xED;a </subfield>
  </datafield>
  <datafield tag="653" ind1=" " ind2=" ">
    <subfield code="a">Arte - Condiciones sociales</subfield>
  </datafield>
  <datafield tag="653" ind1=" " ind2=" ">
    <subfield code="a">Arte y sociedad </subfield>
  </datafield>
  <datafield tag="700" ind1=" " ind2=" ">
    <subfield code="a">H&#xE9;lio Oiticica</subfield>
    <subfield code="9">5580</subfield>
  </datafield>
  <datafield tag="999" ind1=" " ind2=" ">
    <subfield code="c">1070</subfield>
    <subfield code="d">1070</subfield>
  </datafield>
  <datafield tag="952" ind1=" " ind2=" ">
    <subfield code="0">0</subfield>
    <subfield code="1">0</subfield>
    <subfield code="2">ddc</subfield>
    <subfield code="4">0</subfield>
    <subfield code="7">0</subfield>
    <subfield code="a">LV</subfield>
    <subfield code="b">LV</subfield>
    <subfield code="c">Pensamiento</subfield>
    <subfield code="d">2016-10-12</subfield>
    <subfield code="l">0</subfield>
    <subfield code="o">700.103 O396m</subfield>
    <subfield code="p">004232</subfield>
    <subfield code="r">2016-10-12 00:00:00</subfield>
    <subfield code="w">2016-10-12</subfield>
    <subfield code="y">01</subfield>
  </datafield>
</record>
